|
|
|
|
| LEADER |
00000nam2a2200000 4500 |
| 001 |
268983 |
| 005 |
20231101234220.0 |
| 035 |
|
|
|a (RuTPU)RU\TPU\book\292139
|
| 035 |
|
|
|a RU\TPU\book\292134
|
| 090 |
|
|
|a 268983
|
| 100 |
|
|
|a 20140911d1958 km y0rusy50 ca
|
| 101 |
0 |
|
|a rus
|
| 102 |
|
|
|a RU
|
| 105 |
|
|
|a y e 000zy
|
| 200 |
0 |
|
|a Т. 2 : К - О
|f ред. тома Г. П. Князькова, Т. Н. Поповцева, М. Н. Судоплатова
|
| 210 |
|
|
|d 1958
|
| 215 |
|
|
|a 1013, [2] с.
|
| 316 |
|
|
|5 63413507: М-133019
|a На титульном листе владельческая подпись: "Бутаков"
|
| 317 |
|
|
|5 63413507: М-133019
|a Поступила в НТБ в 1970 г. в составе книжного собрания профессора ТПИ И. Н. Бутакова
|
| 461 |
|
1 |
|0 (RuTPU)RU\TPU\book\292105
|t Словарь русского языка
|o в 4 т.
|f Академия наук СССР (АН СССР), Институт языкознания (ИЯ)
|v Т. 2: К - О
|d 1957-1961
|
| 606 |
1 |
|
|a Русский язык
|x Словари
|2 stltpush
|3 (RuTPU)RU\TPU\subj\67926
|9 83518
|
| 610 |
1 |
|
|a слова
|
| 610 |
1 |
|
|a толкование
|
| 610 |
1 |
|
|a значение
|
| 610 |
1 |
|
|a библиотека И. Н. Бутакова
|
| 610 |
1 |
|
|a владельческая надпись
|
| 686 |
|
|
|a Ш141.2-4
|2 rubbk
|
| 702 |
|
1 |
|a Князькова
|b Г. П.
|4 340
|
| 702 |
|
1 |
|a Поповцева
|b Т. Н.
|4 340
|
| 702 |
|
1 |
|a Судоплатова
|b М. Н.
|4 340
|
| 801 |
|
1 |
|a RU
|b 63413507
|c 20140911
|
| 801 |
|
2 |
|a RU
|b 63413507
|c 20221111
|g RCR
|
| 942 |
|
|
|c BK
|